Vzdelávanie má aj ekonomický rozmer Jeden z receptov na bolesti školstva: viaczdrojové financovanie

Rozhovor s vedúcim úradu MŠV SR o obsahu návrhu zásad financovania školstva. Štátny rozpočet ako základný zdroj financovania. Garancie štátu na bezplatné vzdelávanie. Zriaďovateľské funkcie štátnych základných a stredných škôl a školských zariadení v obciach, mestách a regiónoch. Financovanie odborn...

Ausführliche Beschreibung

Gespeichert in:
Bibliographische Detailangaben
1. Verfasser: Gabčo, P.
Weitere Verfasser: Polakovič, Ivan
Format: Buchkapitel
Sprache:Slowakisch
Schlagworte:
Tags: Tag hinzufügen
Keine Tags, Fügen Sie das erste Tag hinzu!

MARC

LEADER 00000naa a2200000 4500
001 r015836
005 20221213114307.4
041 0 |a slo 
044 |a SK 
245 1 0 |a Vzdelávanie má aj ekonomický rozmer  |b Jeden z receptov na bolesti školstva: viaczdrojové financovanie  |c P. Gabčo, Ivan Polakovič 
520 |a Rozhovor s vedúcim úradu MŠV SR o obsahu návrhu zásad financovania školstva. Štátny rozpočet ako základný zdroj financovania. Garancie štátu na bezplatné vzdelávanie. Zriaďovateľské funkcie štátnych základných a stredných škôl a školských zariadení v obciach, mestách a regiónoch. Financovanie odbornej prípravy žiakov stredných odborných učilíšť. Riešenie sociálneho postavenia pedagogických pracovníkov a ich stabilizácie. 
610 2 0 |a financovanie 
610 2 0 |a školstvo 
610 2 0 |a zdroje finančné 
610 2 0 |a MŠV SR Bratislava 
610 2 0 |a vzdelávanie 
100 1 |a Gabčo, P. 
700 1 |a Polakovič, Ivan